Diez postulados para una investigación contable universitaria de calidad (Registro nro. 17873)

Detalles MARC
000 -LEADER
fixed length control field 00379 a2200109 4500
001 - CONTROL NUMBER
control field ART_46575
005 - DATE AND TIME OF LATEST TRANSACTION
control field 20260410161731.0
008 - FIXED-LENGTH DATA ELEMENTS--GENERAL INFORMATION
fixed length control field 260409a
100 1# - MAIN ENTRY--PERSONAL NAME
Personal name Sader, Gustavo
245 10 - TITLE STATEMENT
Title Diez postulados para una investigación contable universitaria de calidad
773 0# - HOST ITEM ENTRY
Title Escritos contables y de administración
Related parts - Vol. 8, Nº 1 (ene./jun. 2017)
Record control number REV2758

No hay ítems disponibles.